8 mots dans mots : mat (mort subite) - Statistiques

Statistiques générales
  • Ce quiz a été pris 18 fois
  • Le résultat moyen est 6 sur 8
Answers on the Grid
Answers color-coded by a green-red scale on the quiz's grid according to % correct below.
em---oufler
non-confor---é
micro-infor---ique
pusillani---é
autotransfor---eur
microcli---ologie
li---ativement
im---érialiser
anti-inflam---oire
inter---tente
anti-inflam---oire
croque---aine
électropneu---ique
trans---tance
pri---ivement
multiprogram---ion
 
Statistiques - réponses
Réponse % Correct
micro-infor---ique
88%
autotransfor---eur
82%
im---érialiser
76%
microcli---ologie
76%
multiprogram---ion
76%
anti-inflam---oire
71%
anti-inflam---oire
71%
électropneu---ique
71%
Aucun quiz correspondant
Distribution des résultats
% des personnes avec chaque résultat
Percentile par nombre de réponses
Votre historique - résultats
Vous n’avez pas pris ce quiz